[Event "Nowy Sacz-ch"]
[Site "Nowy Sacz"]
[Date "2000.11.25"]
[Round "2"]
[White "Migacz, Arkadiusz"]
[Black "Majca, Piotr"]
[Result "0-1"]
[WhiteElo "1400"]
[BlackElo "1800"]
[PlyCount "108"]
[EventDate "2000.11.25"]
[EventType "swiss"]
[EventRounds "9"]
[EventCountry "POL"]
[SourceTitle "EXT 2005"]
[Source "ChessBase"]
[SourceDate "2004.11.15"]
[SourceVersion "1"]
[SourceVersionDate "2004.11.15"]
[SourceQuality "1"]

1. d4 d5 2. c4 c6 3. e3 Nf6 4. Nc3 e6 5. Nf3 Nbd7 6. Be2 Bd6 7. 0-0 0-0 8. Bd2 dxc4 9. Bxc4 e5 10. Be1 Qc7 11. dxe5 Nxe5 12. Nxe5 Bxe5 13. f4 Bd6 14. Bd3 Re8 15. Bf2 h6 16. Rc1 a6 17. h3 Be6 18. Qc2 Rad8 19. a3 Be7 20. Ne4 Nxe4 21. Bxe4 Bf6 22. Bf3 Qa5 23. Rfd1 Qf5 24. Rxd8 Rxd8 25. Be4 Qb5 26. b4 Be7 27. Qc3 Qe2 28. Bf3 Qd3 29. Be1 Bf6 30. Qc5 Qxa3 31. Rd1 Rxd1 32. Bxd1 Qd3 33. Bc2 Qe2 34. Bf2 Bd5 35. Bf5 Bh4 36. e4 Bxf2+ 37. Qxf2 Qxf2+ 38. Kxf2 Be6 39. Bxe6 fxe6 40. g4 Kf7 41. f5 exf5 42. gxf5 g6 43. fxg6+ Kxg6 44. Kf3 b6 45. Kf4 Kf6 46. Kg4 a5 47. bxa5 bxa5 48. Kh5 a4 49. Kxh6 a3 50. h4 a2 51. e5+ Kxe5 52. Kg7 a1Q 53. h5 Ke6+ 54. Kg8 Qh1 0-1